|
|
|
|
| LEADER |
00000ckm a2200000 a 4500 |
| 001 |
vtls001331778 |
| 003 |
SK-MaSNL |
| 005 |
20260512124957.0 |
| 007 |
kp ao |
| 008 |
240703q1923 xr g 0kucze |
| 015 |
|
|
|a SNBG1923
|
| 035 |
|
|
|a SNK000284665
|
| 035 |
|
|
|a urn:nbn:sk:snk-km3luc6
|
| 035 |
|
|
|a BDC77A1C-A8AC-41CB-BE15-0A3BA57CD958
|
| 035 |
|
|
|a urn:nbn:sk:snk-km00dtoq
|
| 040 |
|
|
|a SNK
|b slo
|c SNK
|e AACR2
|
| 041 |
0 |
|
|a cze
|
| 043 |
|
|
|a e-xo---
|
| 044 |
|
|
|a xr
|c CZ
|
| 072 |
|
7 |
|a 908(437)
|x Vlastiveda Česka a Slovenska
|2 konspekt
|
| 080 |
|
|
|a 908(437.6)
|2 2011
|
| 080 |
|
|
|a (084.121)
|2 2011
|
| 080 |
|
|
|a 551.435.4
|2 2001
|
| 245 |
0 |
0 |
|a Pováží
|h grafika
|b Sulovské skály
|
| 260 |
|
|
|a V Praze
|b Klub československých turistů
|c [1923?]
|e Praha
|f Unie
|
| 300 |
|
|
|a 1 pohľadnica
|b tónovaná do hneda
|c 10 x 15 cm
|
| 520 |
8 |
|
|a Zobrazenie: Pohľad v bielom orámovaní na Súľovské skaly, v popredí aj v pozadí. Vpravo vidno polia a lúky
|
| 650 |
0 |
7 |
|a skaly
|2 SNKPH
|9 73945
|
| 651 |
|
7 |
|a Považie (Slovensko : región)
|2 SNKPHgeo
|9 169105
|
| 651 |
|
7 |
|a Národná prírodná rezervácia Súľovské skaly (Slovensko)
|2 SNKPHgeo
|9 21249
|
| 655 |
|
7 |
|a geografické pohľadnice
|2 SNKPH
|9 70522
|
| 752 |
|
|
|a Česko
|d Praha
|
| 852 |
|
|
|a Slovenská národná knižnica
|
| 958 |
|
|
|a EUIPO
|
| 958 |
|
|
|a GBN
|
| 958 |
|
|
|a GC
|
| 958 |
|
|
|a OND
|
| 999 |
|
|
|c 976296
|d 978226
|
| 952 |
|
|
|t P60, <03>, [BOOK], {603}
|a SNK
|b SNK
|y PREZ
|7 0
|p 17A0142975
|o snkSP 23196
|z Pohľadnica prešla poštou.
|0 0
|1 0
|4 0
|d 1998-05-20
|f 1
|l 0
|r 2005-01-02 00:00:00
|w 2026-02-24
|